Mechanical System Design (Record no. 325866)

MARC details
000 -LEADER
fixed length control field 00479nam a2200181Ia 4500
008 - FIXED-LENGTH DATA ELEMENTS--GENERAL INFORMATION
fixed length control field 230718s9999 xx 000 0 und d
020 ## - INTERNATIONAL STANDARD BOOK NUMBER
International Standard Book Number 9788179923153
041 ## - LANGUAGE CODE
Language code of text/sound track or separate title eng
082 ## - DEWEY DECIMAL CLASSIFICATION NUMBER
Classification number 620.7
Item number PAT
100 ## - MAIN ENTRY--PERSONAL NAME
Personal name Patil S.P.
9 (RLIN) 174288
245 ## - TITLE STATEMENT
Title Mechanical System Design
250 ## - EDITION STATEMENT
Edition statement 2nd ed.
260 ## - PUBLICATION, DISTRIBUTION, ETC. (IMPRINT)
Date of publication, distribution, etc. 2009
Name of publisher, distributor, etc. Jaico Publishing House
300 ## - PHYSICAL DESCRIPTION
Extent 391
365 ## - TRADE PRICE
Currency code Rs.
Price amount 350.00
700 ## - ADDED ENTRY--PERSONAL NAME
Personal name Patil S.P.
9 (RLIN) 174288
906 ## - LOCAL DATA ELEMENT F, LDF (RLIN)
d O:0111724-Sep-2010B:4513614-Sep-2010
c MECH
b 175
Holdings
Withdrawn status Lost status Damaged status Not for loan Home library Current library Date acquired Vendor Budget Code Cost, normal purchase price Bill number Total Checkouts Full call number Barcode Date last seen Discount Cost, replacement price Bill Date Koha item type Original Barcode
        Cummins College of Engineering for Women Pune Cummins College of Engineering for Women Pune 24/09/2010 Vaibhav Book House MECH 262.50 45136   620.7 CCEP-BK-37073 18/07/2023 175 350.00 14/09/2010 Books 037073